01734nam a2200229 a 4500001001000000003000900010005001700019007000300036008004100039020001800080040002500098082001400123100001900137245008500156260003600241300003500277504002700312520104800339650004001387650003301427650004401460000035770DO-SdBNP20230418130044.0ta111110s2011 dr ao 000 0 eng d a9789945164343 aDO-SdBNPbspacBNPHU 4bD983r2221 aDuVall, Daniel10aRock art imagery of the Dominican Republic :ban introduction /c Daniel DuVall. aSanto Domingo :bBúho,c2011. a[24 p.]:bil., color ;.c28 cm aBibliografía : p. 25 aEl arte rupestre que fue pintado, dibujado y esculpido por los taínos antes de la llegada de Colón en La Española es hermoso y peculiar, fascinante y misterioso, y ha sido poco estudiado o documentado. He pasado los últimos 8 años explorando cuevas conocidas y redescubriendo otras nuevas a fin de documentar esta forma de arte indígena. Toda la exploración y la fotografía se hizo con el permiso del gobierno dominicano, pero, el proyecto en su totalidad ha sido totalmente independiente. Se han publicado trabajos ocasionales en español. Hace poco se publicó un artículo titulado Fluting dedo y arte rupestre en Cumayasa, República Dominicana. Las imágenes de arte rupestre constituyen una celebración visual única en esta obras, profusamente ilustrada con 65 fotografías de pictografías y petroglifos de 17 cuevas diferentes. Es intensamente informativo, incluye una introducción, los subtítulos y una bibliografía extensa. Más información e imágenes en el sitio web http://www.danielduvall.com24aArte rupestrezRepublica Dominicana24aCuevaszRepublica Dominicana24aPintura en cuevaszRepublica Dominciana